00259nam a2200097Ia 4500008004100000100002000041245003100061260004300092300000800135650001800143191201s2012 xx 000 0 und d aCHAHAL, Ramphal 0aHaryanvi Gadh me Lok Vinod aN. DelhibHaryana Granth Academyc2012 a212 aGeneral Books